000 00846cam a2200181 4500
001 ##WS134751
008 060830n 000 0 eng u
035 _a(Sirsi) u134751
041 0 _aeng
110 2 _aCampaign to Protect Rural England
_94718
245 0 0 _aStopping sprawl campaign
520 _aCPRE website pages covering their campaign against the ongoing loss of greenfield land. Includes an analysis of 354 councils' record on housing density and land recycling and CPRE's position statement on brownfield land (L134750).
590 _aIKA050906 NTK
651 4 _aEngland
_y886-
690 _aENVIRONMENTAL AND LAND CONSULTANCY-SUSTAINABILITY-SUSTAINABLE DEVELOPMENT
856 4 0 _uhttps://www.cpre.org.uk/campaigns/planning/stopping-sprawl/what-cpre-is-doing.htm
_zView the website free of charge at www.cpre.org.uk...
942 _n0
999 _c120508
_d120508